Monsieur Madame - Quelle madame ? (Random) - Statistiques

Statistiques générales
  • Ce quiz a été pris 11 fois
  • Le résultat moyen est 3 sur 15
Statistiques - réponses
Par images Réponse % Correct
Madame Autoritaire
100%
Madame Bavarde
100%
Madame Câlin
100%
Madame Coquette
100%
Madame Magie
100%
Madame Noël
100%
Madame Princesse
100%
Madame Timide
100%
Madame Catastrophe
50%
Madame Je-Sais-Tout
50%
Madame Malchance
33%
Madame Risette
25%
Madame Acrobate
0%
Madame Anniversaire
0%
Madame Beauté
0%
Madame Bonheur
0%
Madame Boulot
0%
Madame Boute-En-Train
0%
Madame Canaille
0%
Madame Casse-Pieds
0%
Madame Chance
0%
Madame Chipie
0%
Madame Collet-Monté
0%
Madame Contraire
0%
Madame Courage
0%
Madame Dodue
0%
Madame Double
0%
Madame En Retard
0%
Madame Fabuleuse
0%
Madame Farceuse
0%
Madame Follette
0%
Madame Géniale
0%
Madame Indécise
0%
Madame Invention
0%
Madame Lumineuse
0%
Madame Moi-Je
0%
Madame Oui
0%
Madame Petite
0%
Madame Pourquoi
0%
Madame Proprette
0%
Madame Prudente
0%
Madame Range-Tout
0%
Madame Sage
0%
Madame Surprise
0%
Madame Terreur
0%
Madame Tête-En-L'Air
0%
Madame Têtue
0%
Madame Tintamarre
0%
Madame Tout-Va-Bien
0%
Madame Vedette
0%
Madame Vite-Fait
0%
Aucun quiz correspondant
Distribution des résultats
% des personnes avec chaque résultat
Percentile par nombre de réponses
Votre historique - résultats
Vous n’avez pas pris ce quiz